Statistics for Guess the Premier League 2021 Player Part 2

Click here to take the quiz!

General Stats

  • This quiz has been taken 31 times
  • The average score is 11 of 15

Answer Stats

Answer% Correct
Gareth Bale
100%
Harry Maguire
100%
Son Heung-Min
100%
Ederson
96%
Edinson Cavani
96%
Jordan Henderson
96%
Kyle Walker
96%
Callum Wilson
81%
Danny Ings
73%
Ben Mee
54%
Bertrand Traore
54%
Nelson Semedo
50%
Nick Pope
46%
Josh Maja
35%
David McGoldrick
8%

Score Distribution

Percentile by Number Answered

Percent of People with Each Score

Your Score History

You have not taken this quiz